| 000 | 01049cab a2200241 4500 | ||
|---|---|---|---|
| 001 | L136085 | ||
| 008 | 070108n2007 000 0 eng u | ||
| 035 | _a(Sirsi) u136085 | ||
| 041 | 0 | _aeng | |
| 100 | 1 | _aBarnard, Lucy | |
| 245 | 0 | 0 | _aPreview of the year |
| 260 | _c2007 | ||
| 490 | 0 |
_aEstates Gazette _v(0701) 6 January 2007, 42-57(16) |
|
| 520 | _aConsiders the issues and trends that may shape 2007. Industry experts discuss the issues that will influence policy and the market. The proposed Climate Change Bill and energy white paper are expected to affect the property sector. Discusses the progress of large development schemes in London. Discusses the European property market, and how countries are expected to perform in 2007. The introduction of REITs could lead to a two tier market. | ||
| 590 | _aKA | ||
| 651 | 4 | _aEUROPE | |
| 690 | _aPROPERTY-COMMERCIAL PROPERTY-COMMERCIAL PROPERTY MARKET | ||
| 700 | 1 | _aRowe, Stephen | |
| 700 | 1 | _aO'Connell, Bridget | |
| 700 | 1 | _aScott, Lucy | |
| 700 | 1 | _aCross, Nathan | |
| 942 | _n0 | ||
| 999 |
_c78124 _d78124 |
||